01018cam a2200229 a 450000100100000000500170001000800410002702000150006804000300008308200230011324500670013626001060020330000180030950000250032750000960035250400740044850501380052260000340066065000380069470000290073270000270076100001915420200929165933.0910326s1989 cu b 000 0 spa  z9509852288 aDO-SdBNPcDLCdDLCdBNPHU a980.05bP418a, v.200aPensar al Che /cedición Mayda Argüelles, Guadalupe Rouco. aLa Habana, Cuba :bCentro de Estudios sobre America ;aBuenos Aires :bEdiciones Dialéctica,c1989. av.2 ;c20 cm. aBiblioteca posee v.2 aVol. 2 impreso en: La Habana, Cuba : Centro de Estudios sobre America : Editorial J. Marti. aIncluye referencias bibliográficas y notas al pie de las páginas.0 at. [1]. Desafios de la lucha por el poder politico -- t. 2. Los retos de la transicion socialista / prefacio de Armando Hart Davalos.10aGUEVARA, ERNESTO,d1928-1967. 4aRevolucionarioszBoliviavDIARIOS1 aArgüelles, Mayda,eed.1 aRouco, Guadalupe,eed.